Z východniarov nebodovala len Stará Ľubovňa

Bibliographic Details
Format: Article
Language:Slovak
PhysicalDescription:Fotogr., tab-
ISSN:1335-7573
Subjects:

MARC

LEADER 00000nab a2200000 ar4500
001 vtls009144862
003 SK-MaSNL
005 20260426041228.0
008 171110c20070813xo dr|n|||||||000 b|slo
038 |a SLLK 
040 |a SLLK  |b slo  |c sllk  |e AACR2 
041 0 |a slo 
044 |a xo  |c SK 
080 |a 796.332  |2 1997 
245 0 0 |a Z východniarov nebodovala len Stará Ľubovňa  |c [autor] (šik) ; foto: JUDY 
300 |b Fotogr., tab- 
610 2 7 |a Mestský futbalový klub Stará Ľubovňa  |2 snkbucl  |9 1031864 
610 2 7 |a FK Železiarne Podbrezová  |2 snkbucl  |9 1034390 
648 7 |a 2007  |2 snkbucl  |9 313226 
650 0 7 |a šport  |2 snkbucl  |9 1042 
650 0 7 |a futbal  |x I. liga  |x muži  |y sezóna 2007/2008  |2 snkbucl  |9 1032663 
651 7 |a Stará Ľubovňa (Slovensko)  |2 snkbucl  |9 19193 
651 7 |a Podbrezová (Slovensko)  |2 snkbucl  |9 60333 
773 0 |t Tatranský denník Korzár  |g Roč. IX, č. 186 (13. 8.2007)  |x 1335-7573 
773 0 |i Pril.  |t Šport pre východniarov  |g s. 4 
852 |a SLLK  |b KIS3GCP 
999 |c 1744566  |d 1746496